Victor Hugo : "et s'il n'en reste qu'un..."
| Auteur principal: | Sophie Grossiord |
|---|---|
| Support: | Livres |
| Langue: | |
| Publié: |
2002 Gallimard Paris |
| Genre: |
Documentaire |
| Collection: |
Découvertes Gallimard. Littérature |
| Sujets: |
Hugo, Victor (1802-1885)
|
| Étiquettes: |
Ajouter
Pas de Tags !
|
| LEADER | 00609nam0a2200181 450 | ||
|---|---|---|---|
| 001 | 16785102 | ||
| 010 | |d 13 | ||
| 100 | |a 20021030d2002 u u0frey01 ba | ||
| 200 | 0 | |a Victor Hugo : "et s'il n'en reste qu'un..." |f Grossiord Sophie | |
| 207 | 1 | |a | |
| 210 | |a Paris |b 5 rue Sébastien Bottin. |c Gallimard |d 2002 | ||
| 225 | 1 | |a Découvertes Gallimard. Littérature | |
| 610 | 0 | |a Hugo, Victor (1802-1885) | |
| 676 | |a 800-1 | ||
| 700 | 0 | |a Grossiord |b Sophie |4 70 | |
| 900 | |a Documentaire | ||
| 901 | |a Accessible au prêt | ||
| 995 | |a Bibliothèque |c Bibliothèque |f 024001362 |h 024001362 |k 840.7 HUG |o p |q a |r az |e Bibliothèque | ||
